000
00281nam a2200109Ia 4500
008
200302s9999 xx 000 0 und d
100
_a
Robrt Riddell
245
_a
Sustainable Urban Planning Tipping the Balance
260
_b
Blackwell Publishing
260
_c
2004
300
_a
335 P.,
999
_c
5595
_d
5595